• 首页
  • 本馆介绍
  • 公告通知
  • 最新文献
  • 馆藏检索
  • 电子资源
  • 读者导购
  • 参考咨询
  • 我的图书馆
  • 登录
  • 详细信息显示
  • 放入我的书架
  • 预约/预借图书
  • 作者相关作品
  • 分类相关作品
  • 丛书相关作品
  • 出版社相关作品

书目信息

  • 表格格式
  • 工作单格式
  • 卡片格式
题名:
旅游地理
    
 
作者: 王换成 主编
分册:  
出版信息: 长春   东北师范大学出版社  2015
页数: 193页
开本: 26cm
丛书名: 职业教育“十二五”规划教材
单 册:
中图分类: F592.99
科图分类:
主题词: 旅游地理--lu^ you di li--中国--职业教育--教材
电子资源:
ISBN: 978-7-5681-0870-6
000 01095nam 2200277 450
001 1650181906
005 20161228150645.56
010    @a978-7-5681-0870-6@dCNY28.00
100    @a20150910d2015 em y0chiy50 ea
101 0  @achi
102    @aCN@b220000
105    @aa a 000yy
106    @ar
200 1  @a旅游地理@Alu^ you di li@f王换成主编@Fwang huan cheng zhu bian
210    @a长春@c东北师范大学出版社@d2015
215    @a193页@c图@d26cm
225 2  @a职业教育“十二五”规划教材@Azhi ye jiao yu “ shi er wu ” gui hua jiao cai@i旅游服务类系列教材
320    @a有书目 (第193页)
330    @a本书针对中职教育的特点, 从各类旅游资源总体特征、分布特点及形成背景入手, 重点介绍了中国和世界各旅游区的主要地理环境特征及旅游业概况, 探讨了各区旅游资源的特点和旅游发展的优势及不足等。
333    @a“十二五”职业教育国家规划教材
410  0 @12001 @a职业教育“十二五”规划教材@i旅游服务类系列教材
606 0  @a旅游地理@Alu^ you di li@y中国@x职业教育@j教材
690    @aF592.99@v5
701  0 @a王换成@Awang huan cheng@4主编
801  0 @aCN@b人天书店@c20150910
905    @aBZT@dF592.99@e4
    
    旅游地理/王换成主编.-长春:东北师范大学出版社,2015
    193页:图;26cm.-(职业教育“十二五”规划教材.旅游服务类系列教材)
    使用对象:“十二五”职业教育国家规划教材
    
    ISBN 978-7-5681-0870-6:CNY28.00
    本书针对中职教育的特点, 从各类旅游资源总体特征、分布特点及形成背景入手, 重点介绍了中国和世界各旅游区的主要地理环境特征及旅游业概况, 探讨了各区旅游资源的特点和旅游发展的优势及不足等。
●
相关链接 在五车中查询图书 在当当中查询图书 在豆瓣中查询图书


正题名:旅游地理     索取号:F592.99/4         预约/预借

序号 登录号 条形码 馆藏地/架位号 状态 备注
1 819380   2000819380   第二书库/ [索取号:F592.99/4] 在馆    
2 819381   2000819381   第二书库/ [索取号:F592.99/4] 在馆    
3 819382   2000819382   第二书库/ [索取号:F592.99/4] 在馆    
山东省滨州职业学院图书馆 欢迎您!
大连网信软件有限公司© 版权所有